Conocimientos y actitudes de la familia frente al proceso de rehabilitación de pacientes con alteraciones mentales de una clínica psiquiátrica. cartagena, 2017 / (Registro nro. 3986)
[ vista simple ]
| 000 -LEADER | |
|---|---|
| fixed length control field | 01846nam a2200253 4500 |
| 001 - CONTROL NUMBER | |
| control field | 0000010703 |
| 005 - DATE AND TIME OF LATEST TRANSACTION | |
| control field | 20250329165434.0 |
| 008 - FIXED-LENGTH DATA ELEMENTS--GENERAL INFORMATION | |
| fixed length control field | 180403s2018 000 0 eng d |
| 040 ## - CATALOGING SOURCE | |
| Original cataloging agency | CO-CtgCURN |
| Language of cataloging | spa |
| Transcribing agency | coctgcurn |
| 082 0# - DEWEY DECIMAL CLASSIFICATION NUMBER | |
| Classification number | ENF 2018 |
| Item number | A472 |
| 100 1# - MAIN ENTRY--PERSONAL NAME | |
| Personal name | Alvarado Medrano, Yirludis. |
| 245 10 - TITLE STATEMENT | |
| Title | Conocimientos y actitudes de la familia frente al proceso de rehabilitación de pacientes con alteraciones mentales de una clínica psiquiátrica. cartagena, 2017 / |
| Statement of responsibility, etc. | Yirludis Alvarado Medrano; Daneys Barragán Luna; Wendy Polo Marrugo; Amparo Velasco Polo; Asesor: Sandra Lorena Vallejo Arias. |
| 260 ## - PUBLICATION, DISTRIBUTION, ETC. | |
| Place of publication, distribution, etc. | Cartagena de Indias : |
| Name of publisher, distributor, etc. | Corporación Universitaria Rafael Núñez, |
| Date of publication, distribution, etc. | 2018. |
| 504 ## - BIBLIOGRAPHY, ETC. NOTE | |
| Bibliography, etc. note | Trabajo de grado (Enfermeria). Corporación Universitaria Rafael Nuñez. Facultad de Ciencias de la Salud. Enfermeria, 2018. |
| 520 ## - SUMMARY, ETC. | |
| Summary, etc. | Las alteraciones mentales impactan el día a día de las personas: desde su trabajo, hasta cualquier actividad cognitiva, estudiar, actividades familiares, actividades sociales. Genera impactos económicos sobre las sociedades y sobre la calidad de vida de los individuos y las familias. Objetivos: Analizar los conocimientos y actitudes de la familia frente al proceso de rehabilitación de pacientes con alteraciones mentales de una clínica psiquiátrica en Cartagena durante 2017. |
| 650 #0 - SUBJECT ADDED ENTRY--TOPICAL TERM | |
| Topical term or geographic name entry element | Enfermeria |
| Form subdivision | Tesis y disertaciones academicas. |
| 700 1# - ADDED ENTRY--PERSONAL NAME | |
| Personal name | Barragán Luna, Daneys. |
| 700 1# - ADDED ENTRY--PERSONAL NAME | |
| Personal name | Polo Marrugo, Wendy. |
| 700 1# - ADDED ENTRY--PERSONAL NAME | |
| Personal name | Velasco Polo, Amparo. |
| 700 1# - ADDED ENTRY--PERSONAL NAME | |
| Personal name | Vallejo Arias, Sandra Lorena, |
| Relator term | Asesor. |
| 856 ## - ELECTRONIC LOCATION AND ACCESS | |
| Uniform Resource Identifier | <a href="https://unicurn.sharepoint.com/:b:/s/biblioteca/EeIqKNXJeSdLrD-6dLIjhhMBAgqpaPKfJ8NjAapDRn6MJg?e=OQ8hN2">https://unicurn.sharepoint.com/:b:/s/biblioteca/EeIqKNXJeSdLrD-6dLIjhhMBAgqpaPKfJ8NjAapDRn6MJg?e=OQ8hN2</a> |
| Public note | Click aqui para ver el recurso en texto completo |
| 942 ## - ADDED ENTRY ELEMENTS (KOHA) | |
| Source of classification or shelving scheme | Dewey Decimal Classification |
| Koha item type | Trabajos de grado |
| Classification part | ENF 2018 |
| Item part | A472 |
| Withdrawn status | Lost status | Damaged status | Not for loan | Collection | Home library | Current library | Shelving location | Date acquired | Cost, normal purchase price | Inventory number | Total checkouts | Full call number | Barcode | Date last seen | Price effective from | Koha item type |
|---|---|---|---|---|---|---|---|---|---|---|---|---|---|---|---|---|
| Trabajos de grado | Miguel Henríquez Emiliani | Miguel Henríquez Emiliani | Trabajo de grado | 09/23/2018 | 35000.00 | 017923 | ENF 2018 A472 | 017923 | 03/29/2025 | 03/29/2025 | Trabajos de grado |